Štátna pomoc, jej význam a úlohy po vstupe SR do EÚ bakalárska práca

Enregistré dans:
Détails bibliographiques
Auteur principal: Mikuš, Maroš
Collectivité auteur: Národohospodárska fakulta EU. Katedra financií
Autres auteurs: Čambalová, Andrea
Format: Livre
Langue:slovaque
Publié: Bratislava 2009
Tags: Ajouter un tag
Pas de tags, Soyez le premier à ajouter un tag!

MARC

LEADER 00000nam$a2200000$$$4500
001 0103572
005 20240318141526.4
041 0 |a slo 
044 |a SK 
245 1 0 |a Štátna pomoc, jej význam a úlohy po vstupe SR do EÚ  |b bakalárska práca  |c Maroš Mikuš ; škol. Andrea Čambalová 
264 1 |a Bratislava  |c 2009 
300 |a 46 s. 
100 1 |a Mikuš, Maroš 
700 1 |a Čambalová, Andrea 
710 2 |a Národohospodárska fakulta EU. Katedra financií